Statistics for US States Bordering a "K-State"

Click here to take the quiz!

General Stats

  • This quiz has been taken 44 times
  • The average score is 10 of 11

Answer Stats

Given States Bordering States % Correct
Missouri
95%
Nebraska
93%
Oklahoma
93%
Indiana
93%
Ohio
93%
West Virginia
91%
Virginia
89%
KansasColorado
86%
Tennessee
86%
KentuckyIllinois
84%

Score Distribution

Percentile by Number Answered

Percent of People with Each Score

Your Score History

You have not taken this quiz